000 00275nam a22001097a 4500
008 240610b |||||||| |||| 00| 0 eng d
100 _aBalaychand Mukhopadhyay
_915240
245 _aBhim Palshri
260 _bIndian Association Pub.
_cCalcutta
300 _a284p.
942 _cBK
999 _c39487
_d39487